Elenca la formazione - Quiz n°145 - Statistics

Statistiche generali
  • Questo quiz è stato fatto 79 volte
  • Il punteggio medio è 9 su 11
Statistiche sulle risposte
Ruolo Nazione Calciatore % Corretto
Attaccante Svezia Zlatan Ibrahimović
100%
Portiere Italia Christian Abbiati
95%
Difensore Italia Alessandro Nesta
89%
Difensore Brasile Thiago Silva
88%
Centrocampista Italia Gennaro Gattuso
85%
Trequartista Paesi Bassi Clarence Seedorf
82%
Attaccante Brasile Robinho
81%
Difensore Italia Ignazio Abate
78%
Centrocampista Italia Massimo Ambrosini
68%
Centrocampista Paesi Bassi Mark van Bommel
62%
Difensore Italia Gianluca Zambrotta
55%
Nessun quiz corrispondente trovato
Distribuzione punteggi
Percentuale di utenti per punteggio
Percentile per numero di risposta
I tuoi punteggi nel tempo
Non hai fatto questo quiz